Filmographie de Bernard Herrmann par images - Statistiques

Statistiques générales
  • Ce quiz a été pris 36 fois
  • Le résultat moyen est 6 sur 12
Statistiques - réponses
Par images Hint Réponse % Correct
1960 Psychose
90%
1976 Taxi Driver
81%
1959 La Mort aux trousses
71%
1963 Les Oiseaux
71%
1958 Sueurs Froides
68%
1941 Citizen Kane
65%
1966 Fahrenheit 451
39%
1951 Le Jour où la Terre s'arrêta
35%
1956 L'Homme qui en savait trop
35%
1963 Jason et les Argonautes
32%
1961 L'Île Mystérieuse
16%
1959 Voyage au centre de la Terre
10%
Aucun quiz correspondant
Distribution des résultats
% des personnes avec chaque résultat
Percentile par nombre de réponses
Votre historique - résultats
Vous n’avez pas pris ce quiz